00512nam a2200193 a 4500001001300000003000900013005001700022008004100039020000800080082001700088100002600105245003500131260003800166300000900204500003500213505002200248650002200270700002600292nice12345678IN_TiNIC20260116011906.0050524s0000 dela grp 000 0 urd  ac800a922.97bCHI1 aChishti, Yusuf Saleem aSharh-E-Zarb-E-Kalim, of Iqbal aDelhibUnion Printing Pressc0000 a447p aincludes index and biblioraphy2 aVarious Documents aUrdu-Poetry-iqbal1 aChishti, Yusuf Saleem